LEADER 01423nam--2200421---450- 001 990001606470203316 005 20090611145038.0 010 $a88-387-2719-8 035 $a000160647 035 $aUSA01000160647 035 $a(ALEPH)000160647USA01 035 $a000160647 100 $a20040427h2003----km-y0enga50------ba 101 0 $aita 102 $aIT 105 $aa|||||||001yy 200 1 $a<> atti di nascita$eguida pratica alla stesura, esempi completi di redazione, modulistica e normativa$fMarina Caliaro, Renzo Calvigioni, Remo Govoni 210 $aRimini$cMaggioli$dcopyr. 2003 215 $a394 p.$cill.$d30 cm 225 2 $a<> guide per lo stato civile 225 2 $aProgetto ente locale$iServizi demografici 410 0$12001$a<> guide per lo stato civile 410 0$12001$aProgetto ente locale$iServizi demografici 606 0 $aAtti di stato civile$xGuide pratiche 676 $a342.450662 700 1$aCALIARO,$bMarina$0542164 701 1$aCALVIGIONI,$bRenzo$0542165 701 1$aGOVONI,$bRemo$0561039 801 0$aIT$bsalbc$gISBD 912 $a990001606470203316 951 $aXXIV.3.L 132 (IG V 875)$b39699 G.$cIG V$d00132037 959 $aBK 969 $aGIU 979 $aMARIA$b10$c20040427$lUSA01$h1052 979 $aANNASEN$b90$c20050124$lUSA01$h1639 979 $aRSIAV3$b90$c20090611$lUSA01$h1450 996 $aAtti di nascita$9944786 997 $aUNISA LEADER 01804nas 2200433 n 450 001 990009043240403321 005 20240229084305.0 011 $a0373-0913 035 $a000904324 035 $aFED01000904324 035 $a(Aleph)000904324FED01 035 $a000904324 091 $2CNR$aP 00098091 100 $a20090724b19321979km-y0itaa50------ba 101 0 $afre 110 $aauu-------- 200 1 $aRevue bryologique et lichénologique 207 1$a1932-1979 210 $aParis$c[s.n.] 430 0$12001$aRevue bryologique 440 0$1001000894746$12001$aCryptogamie. Bryologie, lichénologie 530 0 $aRevue bryologique et lichénologique 675 $a582.29 675 $a582.32 675 $a582.33 675 $a582.34 676 $a581.012 676 $a579.7 712 02$aLaboratoire de cryptogamie$c 801 0$aIT$bACNP$c20090723 859 4 $uhttp://acnp.cib.unibo.it/cgi-ser/start/it/cnr/dc-p1.tcl?catno=66055&person=false&language=ITALIANO&libr=&libr_th=unina1$zBiblioteche che possiedono il periodico 901 $aSE 912 $a990009043240403321 958 $aBiblioteca. Dipartimento di Scienze biologiche. Sez. di Biologia vegetale. Università degli studi di Napoli Federico II$b1964-1979.$fDBV 959 $aDBV 996 $aRevue bryologique et lichénologique$9787576 997 $aUNINA AP1 8 $6866-01$aNA163 Biblioteca. Dipartimento di Scienze biologiche. Sez. di Biologia vegetale. Università degli studi di Napoli Federico II$ev. Foria,223, Napoli (NA)$m(081) 440681$m(081) 450165$nit AP2 40$aacnp.cib.unibo.it$nACNP Italian Union Catalogue of Serials$uhttp://acnp.cib.unibo.it/cgi-ser/start/it/cnr/df-p.tcl?catno=66055&language=ITALIANO&libr=&person=&B=1&libr_th=unina&proposto=NO